000 00461nam a2200145Ia 4500
008 100204s9999 xx 000 0 und d
082 _b10939
100 _aधोंड म. वा.
245 _aमऱ्हाटी लावणी
260 _b"मौज प्रकाशन , मुंबई"
_c1988 2
300 _a313
630 _aमऱ्हाटी लावणी
730 _aमऱ्हाटी लावणी
942 _cBOOK
999 _c455375
_d455372